Iparraguirre, el último bardo / (Record no. 186895)

MARC details
000 -LEADER
campo de control de longitud fija 00727nam a2200205 i 4500
001 - NÚMERO DE CONTROL
campo de control 186895
003 - IDENTIFICADOR DE NÚMERO DE CONTROL
campo de control ES-MaACL
005 - FECHA Y HORA DE LA ÚLTIMA TRANSACCIÓN
campo de control 20250808022551.0
008 - DATOS DE LONGITUD FIJA--INFORMACIÓN GENERAL
campo de control de longitud fija 170227s1932 sp |||| |bspa d
100 1# - ENTRADA PRINCIPAL--NOMBRE DE PERSONA
Nombre de persona Salaverría, José María,
Fechas asociadas al nombre 1873-1940
9 (RLIN) 101790
245 10 - MENCIÓN DEL TÍTULO
Título Iparraguirre, el último bardo /
Mención de responsabilidad, etc. por José Mª Salaverría.
250 ## - MENCION DE EDICION
Mención de edición 1ª ed.
260 ## - PUBLICACIÓN, DISTRIBUCIÓN, ETC.
Lugar de publicación, distribución, etc. Madrid :
Nombre del editor, distribuidor, etc. Espasa-Calpe,
Fecha de publicación, distribución, etc. 1932.
300 ## - DESCRIPCIÓN FÍSICA
Extensión 184 p., [3] p. ;
Dimensiones 18 cm.
490 1# - MENCIÓN DE SERIE
Mención de serie Vidas españolas e hispanoamericanas del siglo XIX ;
Designación de volumen o secuencia 21
600 14 - PUNTO DE ACCESO ADICIONAL DE MATERIA--NOMBRE DE PERSONA
Nombre de persona Iparraguirre, José María (
Fechas asociadas al nombre 1820-1881)
9 (RLIN) 142033
830 00 - PUNTO DE ACCESO ADICIONAL DE SERIE-TÍTULO UNIFORME
Título uniforme Vidas españolas e hispanoamericanas del siglo XIX
Designación de volumen o secuencia 21
9 (RLIN) 192640
852 ## - LOCALIZACIÓN
Ubicación ES-MaACL
Número de control de estantería C-23232
Holdings
Estatus retirado Estado de pérdida Estado de daño No para préstamo Biblioteca de origen Biblioteca actual Ubicación en estantería Fecha de adquisición Fuente de adquisición Total de préstamos Signatura topográfica completa Código de barras Visto por última vez Precio de reemplazo Tipo de ítem Koha
        Biblioteca del Ateneo de Madrid Biblioteca del Ateneo de Madrid Depósito 2 27/02/2017     C-23232 1197135 23/02/2023 23/02/2023 Libro impreso